000 00706cam a2200181 i 4500
005 20251108165337.0
008 250721s2002 xx gr 000 0 ara d
082 1 4 _a021.2
_bو ر د
100 1 _aالوردي، زكي
_eمؤلف.
245 1 0 _aالمعلومات و المجتمع /
_cتأليف الاستاذ الدكتور زكي حسن الوردي، الدكتور مجبل لازم المالكي.
264 1 _aعمان :
_bدار الوراق للنشر وللتوزيع،
_c2002.
300 _a321 صفحة.
650 1 7 _aتكتولوجيا المعلومات.
650 1 7 _aالمجتمع.
700 1 _aالمالكي، مجبل
_eمؤلف.
942 _2ddc
_cBK
999 _c25617
_d25617